Queueing systems (Record no. 9403)
[ view plain ]
| 000 -LEADER | |
|---|---|
| fixed length control field | 00566 a2200181 4500 |
| 020 ## - INTERNATIONAL STANDARD BOOK NUMBER | |
| International Standard Book Number | 0471491101 |
| 040 ## - CATALOGING SOURCE | |
| Original cataloging agency | DLC |
| Language of cataloging | DLC |
| 082 00 - DEWEY DECIMAL CLASSIFICATION NUMBER | |
| Classification number | 519.82 |
| 100 1# - MAIN ENTRY--PERSONAL NAME | |
| Personal name | Kleinrock, Leonard. |
| 245 10 - TITLE STATEMENT | |
| Title | Queueing systems |
| Statement of responsibility, etc. | Kleinrock, Leonard |
| 260 ## - PUBLICATION, DISTRIBUTION, ETC. | |
| Place of publication, distribution, etc. | New York, |
| Name of publisher, distributor, etc. | Wiley |
| Date of publication, distribution, etc. | [1975-1976] |
| 300 ## - PHYSICAL DESCRIPTION | |
| Extent | 2 v. |
| Other physical details | illus. |
| Dimensions | 24 cm. |
| 500 ## - GENERAL NOTE | |
| General note | "A Wiley-Interscience publication." |
| 505 0# - FORMATTED CONTENTS NOTE | |
| Formatted contents note | v. 1. Theory.--v. 2. Computer applications. |
| 650 #0 - SUBJECT ADDED ENTRY--TOPICAL TERM | |
| Topical term or geographic name entry element | Queuing theory. |
| 856 4# - ELECTRONIC LOCATION AND ACCESS | |
| Materials specified | Table of Contents |
| Uniform Resource Identifier | <a href="http://www.loc.gov/catdir/toc/onix05/74009846.html">http://www.loc.gov/catdir/toc/onix05/74009846.html</a> |
| 942 ## - ADDED ENTRY ELEMENTS (KOHA) | |
| Koha item type | Book |
| Call number prefix | 519.82 KLE |
| Source of classification or shelving scheme | |
| Withdrawn status | Lost status | Damaged status | Not for loan | Collection code | Permanent Location | Current Location | Shelving location | Date acquired | Source of acquisition | Cost, normal purchase price | Total Checkouts | Full call number | Barcode | Date last seen | Date last checked out | Price effective from | Koha item type |
|---|---|---|---|---|---|---|---|---|---|---|---|---|---|---|---|---|---|
| Central Library (CL) | Central Library (CL) | General Stacks | 09/19/2007 | A & J Def Tek Concultants | 8467.29 | 1 | 519.82 KLE | SEECS008609 | 01/11/2019 | 01/20/2014 | 01/05/2017 | Book |
